[Event "Quebec-ch U10"]
[Site "Montreal"]
[Date "2016.01.16"]
[Round "2"]
[White "Zhong, Ziyi"]
[Black "Xu, Yihan"]
[Result "1/2-1/2"]
[WhiteElo "1234"]
[BlackElo "985"]
[PlyCount "141"]
[EventDate "2016.01.15"]
[EventType "swiss"]
[EventRounds "5"]
[EventCountry "CAN"]
[SourceTitle "EXT 2017"]
[Source "ChessBase"]
[SourceDate "2016.10.25"]
[SourceVersion "1"]
[SourceVersionDate "2016.10.25"]
[SourceQuality "1"]

1. e4 c5 2. Nf3 Nc6 3. d4 cxd4 4. Nxd4 Nf6 5. Nc3 e5 6. Ndb5 d6 7. Nd5 Nxd5 8. Qxd5 Be7 9. Bd2 a6 10. Nc3 Nb4 11. Qb3 a5 12. 0-0-0 Be6 13. Bb5+ Nc6 14. Qa4 Bd7 15. Nd5 0-0 16. Nxe7+ Qxe7 17. h4 Rfd8 18. c3 Rdc8 19. Qb3 Nd4 20. Qd5 Bxb5 21. Bg5 Qd7 22. Rxd4 exd4 23. Qxd4 f6 24. Bf4 Rc6 25. Kb1 Rd8 26. Qd5+ Kf8 27. Qxb5 Qe7 28. f3 Rc5 29. Qb6 d5 30. Rd1 Rd7 31. Be3 Rc6 32. Qxa5 Rc8 33. b4 dxe4 34. Re1 Rxc3 35. Bc5 Rxc5 36. bxc5 f5 37. Qb4 e3 38. Re2 Rc7 39. Qa3 f4 40. Qb4 Qxh4 41. c6+ Ke8 42. cxb7 Qh1+ 43. Re1 Rxb7 44. Rxh1 Rxb4+ 45. Kc2 Rb5 46. Rxh7 e2 47. Kd2 Re5 48. Ke1 Kf7 49. Rh4 g5 50. Rh1 Ke6 51. Kf2 Kf5 52. Re1 Ra5 53. Rxe2 Ra3 54. g4+ Kf6 55. Rb2 Ke5 56. Ke2 Kd4 57. Rc2 Re3+ 58. Kf2 Rc3 59. Rb2 Ra3 60. Kg2 Kc3 61. Rf2 Kc4 62. Kf1 Kb4 63. Ke1 Rc3 64. Rb2+ Ka3 65. Rb5 Rxf3 66. Rxg5 Rg3 67. Kf2 Kxa2 68. Rf5 Rxg4 69. Kf3 Rh4 70. Rxf4 Rxf4+ 71. Kxf4 1/2-1/2